[Event "IECC Swiss-475.4"]
[Site "IECC email"]
[Date "2005.09.29"]
[Round "?"]
[White "McCorry, Robert T"]
[Black "Francisco, Vincent Paul"]
[Result "0-1"]
[WhiteElo "2022"]
[BlackElo "1838"]
[PlyCount "74"]
[EventDate "2005.??.??"]
[EventType "swiss (corr)"]
[EventRounds "1"]
[SourceTitle "Corr 2008"]
[Source "ChessBase"]
[SourceDate "2008.06.24"]
[SourceVersion "1"]
[SourceVersionDate "2008.06.24"]
[SourceQuality "1"]

1. e4 d5 2. exd5 Nf6 3. Bb5+ Bd7 4. Be2 Nxd5 5. d4 Bf5 6. Nf3 e6 7. 0-0 Be7 8. a3 0-0 9. c4 Nb6 10. Nc3 Bf6 11. h3 Nc6 12. Be3 Na5 13. b3 c5 14. Ra2 cxd4 15. Bxd4 Qe7 16. Rd2 Bxd4 17. Nxd4 Bg6 18. Ndb5 Rfd8 19. Nd6 Nxb3 20. Qxb3 Rxd6 21. Rb2 Rdd8 22. Nb5 Qf6 23. c5 Na4 24. Ra2 Nxc5 25. Qb4 Nd3 26. Bxd3 Bxd3 27. Rd1 a5 28. Qb3 Be4 29. Rxd8+ Rxd8 30. Re2 Bc6 31. Na7 Bd5 32. Qb6 Bf3 33. Re1 Qg5 34. g3 h5 35. h4 Qd2 36. Rf1 Rd3 37. Qc5 Qe2 0-1

[Event "IECC Swiss-472.4"]
[Site "IECC email"]
[Date "2005.09.07"]
[Round "?"]
[White "Stevenson, Walter"]
[Black "Francisco, Vincent Paul"]
[Result "0-1"]
[WhiteElo "1048"]
[BlackElo "1825"]
[PlyCount "33"]
[EventDate "2005.??.??"]
[EventType "swiss (corr)"]
[EventRounds "1"]
[SourceTitle "Corr 2008"]
[Source "ChessBase"]
[SourceDate "2008.06.24"]
[SourceVersion "1"]
[SourceVersionDate "2008.06.24"]
[SourceQuality "1"]

1. d4 Nf6 2. c4 e5 3. dxe5 Ng4 4. Nf3 Bc5 5. e3 Nc6 6. a3 a5 7. b3 0-0 8. Bb2 Re8 9. h3 Ngxe5 10. Be2 d6 11. 0-0 Nxf3+ 12. Bxf3 Qg5 13. Bg4 Bxg4 14. Qxg4 Qxg4 15. hxg4 a4 16. b4 Bb6 17. c5 0-1

[Event "IECC Swiss-489.3"]
[Site "IECC email"]
[Date "2005.08.22"]
[Round "?"]
[White "Francisco, Vincent Paul"]
[Black "Wosch, Andy"]
[Result "1/2-1/2"]
[WhiteElo "1826"]
[BlackElo "2295"]
[PlyCount "64"]
[EventDate "2005.??.??"]
[EventType "swiss (corr)"]
[EventRounds "1"]
[SourceTitle "Corr 2020"]
[Source "ChessBase"]
[SourceDate "2019.09.30"]
[SourceVersion "1"]
[SourceVersionDate "2019.09.30"]
[SourceQuality "1"]
[WhiteTeam "Philippines"]
[BlackTeam "Germany"]
[WhiteTeamCountry "PHI"]
[BlackTeamCountry "GER"]

1. e4 e5 2. Nf3 Nc6 3. Bb5 a6 4. Ba4 Nf6 5. 0-0 Be7 6. Re1 b5 7. Bb3 d6 8. c3 0-0 9. h3 Na5 10. Bc2 c5 11. d4 Qc7 12. Nbd2 cxd4 13. cxd4 Bb7 14. Nf1 Rac8 15. Re2 d5 16. Nxe5 dxe4 17. Bg5 Rfd8 18. Ng3 h6 19. Bh4 Nc4 20. Nxc4 Qxc4 21. Nf5 Qe6 22. Nxe7+ Qxe7 23. f3 Rc4 24. Bf2 Re8 25. fxe4 Bxe4 26. Bb3 Rcc8 27. Bg3 Qb7 28. Rc1 Rxc1 29. Qxc1 Bd5 30. Rxe8+ Nxe8 31. Qe3 Nf6 32. Be5 Bxb3 1/2-1/2

[Event "IECC Swiss-483.2"]
[Site "IECC email"]
[Date "2004.10.30"]
[Round "?"]
[White "Francisco, Vincent Paul"]
[Black "Wozniak, Zbigniew"]
[Result "1-0"]
[WhiteElo "1819"]
[BlackElo "1779"]
[PlyCount "107"]
[EventDate "2004.??.??"]
[EventType "swiss (corr)"]
[EventRounds "1"]
[SourceTitle "Corr 2008"]
[Source "ChessBase"]
[SourceDate "2008.06.24"]
[SourceVersion "1"]
[SourceVersionDate "2008.06.24"]
[SourceQuality "1"]

1. e4 c5 2. Nf3 d6 3. d4 cxd4 4. Nxd4 Nf6 5. Nc3 a6 6. f3 Qb6 7. Nb3 e6 8. Qe2 Qc7 9. Be3 b5 10. 0-0-0 Bb7 11. g4 Be7 12. Kb1 0-0 13. a3 Rc8 14. g5 Ne8 15. f4 Nd7 16. Bg2 Nc5 17. h4 Nxb3 18. cxb3 Bc6 19. f5 b4 20. axb4 Qb7 21. fxe6 fxe6 22. Bh3 Kh8 23. Rhf1 Nc7 24. Rf7 Re8 25. e5 Be4+ 26. Kc1 Rad8 27. Rxe7 Rxe7 28. exd6 Bf3 29. Bg2 Bxe2 30. Bxb7 Bxd1 31. dxe7 Rb8 32. Bc6 Bxb3 33. b5 axb5 34. Bf4 Re8 35. Bxc7 Rxe7 36. Bd6 Rf7 37. Bxb5 Rf3 38. Be2 Rh3 39. h5 Rh4 40. Be5 Kg8 41. Kd2 Rb4 42. Bf3 Kf7 43. Ne4 Bd5 44. Ke3 h6 45. Bc3 Ra4 46. Nd6+ Kf8 47. Bxd5 exd5 48. g6 d4+ 49. Bxd4 Ra5 50. Kf4 Rxh5 51. Nf5 Rg5 52. Bxg7+ Ke8 53. Nh4 Rh5 54. Bf6 1-0

[Event "IECC Swiss-461.4"]
[Site "IECC email"]
[Date "2004.09.06"]
[Round "?"]
[White "Bruce, Earle"]
[Black "Francisco, Vincent Paul"]
[Result "0-1"]
[WhiteElo "1497"]
[BlackElo "1760"]
[PlyCount "72"]
[EventDate "2004.??.??"]
[EventType "swiss (corr)"]
[EventRounds "1"]
[SourceTitle "Corr 2020"]
[Source "ChessBase"]
[SourceDate "2019.09.30"]
[SourceVersion "1"]
[SourceVersionDate "2019.09.30"]
[SourceQuality "1"]
[WhiteTeam "Canada"]
[BlackTeam "Philippines"]
[WhiteTeamCountry "CAN"]
[BlackTeamCountry "PHI"]

1. e4 e5 2. Nf3 Nc6 3. Bb5 a6 4. Ba4 Nf6 5. 0-0 Be7 6. Re1 b5 7. Bb3 0-0 8. a4 Bb7 9. d3 d6 10. c3 Na5 11. Ba2 Qd7 12. b4 Nc6 13. a5 Qg4 14. h3 Qd7 15. Nbd2 Nd8 16. Nf1 Ne6 17. Bxe6 Qxe6 18. Bg5 c5 19. Ng3 cxb4 20. cxb4 Rac8 21. Rc1 h6 22. Bxf6 Bxf6 23. d4 exd4 24. Rxc8 Rxc8 25. Nxd4 Qc4 26. Ndf5 Qxb4 27. Nxd6 Rd8 28. e5 Bxe5 29. Rxe5 Rxd6 30. Qc2 Re6 31. Rxe6 fxe6 32. Qc7 Bd5 33. Qc8+ Kf7 34. Qc7+ Qe7 35. Qf4+ Kg8 36. Qe5 Kh7 0-1

[Event "IECC Swiss-472.2"]
[Site "IECC email"]
[Date "2004.07.01"]
[Round "?"]
[White "Leenders, Chris"]
[Black "Francisco, Vincent Paul"]
[Result "1-0"]
[WhiteElo "1882"]
[BlackElo "1786"]
[PlyCount "133"]
[EventDate "2004.??.??"]
[EventType "swiss (corr)"]
[EventRounds "1"]
[SourceTitle "Corr 2020"]
[Source "ChessBase"]
[SourceDate "2019.09.30"]
[SourceVersion "1"]
[SourceVersionDate "2019.09.30"]
[SourceQuality "1"]
[WhiteTeam "Netherlands"]
[BlackTeam "Philippines"]
[WhiteTeamCountry "NED"]
[BlackTeamCountry "PHI"]

1. e4 e6 2. d4 d5 3. Nd2 c5 4. exd5 Qxd5 5. Ngf3 cxd4 6. Bc4 Qd8 7. 0-0 a6 8. Nb3 Qc7 9. Qxd4 Nc6 10. Qh4 Bd6 11. Bd2 Nge7 12. Bd3 Bd7 13. Bc3 e5 14. Rfe1 f6 15. Rad1 Be6 16. Nfd2 Nf5 17. Qe4 0-0-0 18. Nc4 Be7 19. Nca5 Nd6 20. Qe2 Na7 21. a4 g5 22. Bxa6 bxa6 23. Qxa6+ Kd7 24. Nb7 Bxb3 25. cxb3 Qc6 26. Qxa7 Ra8 27. Nc5+ Ke8 28. Rxd6 Bxd6 29. Qg7 Rf8 30. Ne4 Be7 31. Qxh7 Qd5 32. Nd2 Rc8 33. Nc4 Bc5 34. Qg6+ Kd8 35. Qh7 Ke8 36. h3 Rf7 37. Qh5 Rc6 38. Rd1 Qe4 39. Rd7 Kxd7 40. Qxf7+ Kd8 41. Ba5+ Kc8 42. Qe8+ Kb7 43. Qd7+ Kb8 44. Qd8+ Ka7 45. Bc7 Bxf2+ 46. Kxf2 Qc2+ 47. Kf3 Qxb3+ 48. Ne3 Qxb2 49. a5 Qb3 50. Qd7 Qb7 51. Nd5 Rc4 52. Kg3 Ka6 53. Qd6+ Kb5 54. Bb6 Ka4 55. Nxf6 Qc6 56. Qxe5 Rc3+ 57. Kh2 Rc2 58. Nd5 g4 59. a6 g3+ 60. Kxg3 Qg6+ 61. Kh4 Qh6+ 62. Qh5 Rc4+ 63. g4 Qf8 64. a7 Rc6 65. Qf5 Rc8 66. Qxf8 Rxf8 67. Nc7 1-0

[Event "IECC Swiss-475.2"]
[Site "IECC email"]
[Date "2004.06.06"]
[Round "?"]
[White "Francisco, Vincent Paul"]
[Black "Duteau, Jean Henri"]
[Result "1-0"]
[WhiteElo "1836"]
[BlackElo "1157"]
[PlyCount "53"]
[EventDate "2004.??.??"]
[EventType "swiss (corr)"]
[EventRounds "1"]
[SourceTitle "Corr 2020"]
[Source "ChessBase"]
[SourceDate "2019.09.30"]
[SourceVersion "1"]
[SourceVersionDate "2019.09.30"]
[SourceQuality "1"]
[WhiteTeam "Philippines"]
[BlackTeam "Canada"]
[WhiteTeamCountry "PHI"]
[BlackTeamCountry "CAN"]

1. e4 d6 2. d4 Nf6 3. Nc3 g6 4. Be3 Bg7 5. Nf3 0-0 6. Qd2 Nbd7 7. 0-0-0 e5 8. dxe5 dxe5 9. Bc4 Qe7 10. h4 Nb6 11. Bb3 Bg4 12. Qd3 Rad8 13. Qb5 Nfd7 14. Qa5 a6 15. Rd2 Be6 16. h5 gxh5 17. Rxh5 Bc4 18. Rd1 Rfe8 19. Rdh1 Nf6 20. Rxe5 Qd7 21. Rg5 Nxe4 22. Rxg7+ Kxg7 23. Qh5 Bxb3 24. Qh6+ Kg8 25. Nxe4 Qf5 26. Nf6+ Qxf6 27. Qxf6 1-0

[Event "IECG CA.2004.0.00126 email"]
[Site "IECG email"]
[Date "2004.05.16"]
[Round "?"]
[White "Francisco, Vincent Paul"]
[Black "Van Moorsel, Aad"]
[Result "0-1"]
[WhiteElo "2003"]
[BlackElo "2150"]
[PlyCount "41"]
[EventDate "2004.05.16"]
[EventType "tourn (corr)"]
[EventRounds "6"]
[SourceTitle "Corr 2008"]
[Source "ChessBase"]
[SourceDate "2008.06.24"]
[SourceVersion "1"]
[SourceVersionDate "2008.06.24"]
[SourceQuality "1"]

1. d4 d5 2. c4 c6 3. Nf3 e6 4. Nc3 dxc4 5. e4 b5 6. a4 Bb4 7. Bd2 a5 8. axb5 Bxc3 9. Bxc3 cxb5 10. b3 Nf6 11. Ne5 Bb7 12. f3 b4 13. Bb2 c3 14. Bb5+ Nfd7 15. Bc1 0-0 16. Nc4 Bc6 17. Bxc6 Nxc6 18. Be3 Nb6 19. 0-0 a4 20. Nxb6 Qxb6 21. Bf2 0-1

[Event "IECG CA.2004.0.00126 email"]
[Site "IECG email"]
[Date "2004.05.16"]
[Round "?"]
[White "Kulczycki, Michael"]
[Black "Francisco, Vincent Paul"]
[Result "1-0"]
[WhiteElo "2121"]
[BlackElo "2003"]
[PlyCount "45"]
[EventDate "2004.05.16"]
[EventType "tourn (corr)"]
[EventRounds "6"]
[SourceTitle "Corr 2008"]
[Source "ChessBase"]
[SourceDate "2008.06.24"]
[SourceVersion "1"]
[SourceVersionDate "2008.06.24"]
[SourceQuality "1"]

1. Nf3 c5 2. e4 d6 3. d4 cxd4 4. Nxd4 Nf6 5. Nc3 Nc6 6. Bc4 Qb6 7. Ndb5 Bg4 8. f3 Bd7 9. Qe2 a6 10. Be3 Qa5 11. Nd4 b5 12. Bb3 e6 13. 0-0-0 Be7 14. a3 0-0 15. Qd2 Ne5 16. g4 Nc4 17. Bxc4 bxc4 18. g5 Ne8 19. h4 Rb8 20. Na2 Qb6 21. Qc3 Qb7 22. h5 d5 23. Bf4 1-0

[Event "IECC Swiss-465.3"]
[Site "IECC email"]
[Date "2004.04.29"]
[Round "?"]
[White "Francisco, Vincent Paul"]
[Black "Corbacho, Jose Luis"]
[Result "0-1"]
[WhiteElo "1836"]
[BlackElo "1474"]
[PlyCount "72"]
[EventDate "2004.??.??"]
[EventType "swiss (corr)"]
[EventRounds "1"]
[SourceTitle "Corr 2020"]
[Source "ChessBase"]
[SourceDate "2019.09.30"]
[SourceVersion "1"]
[SourceVersionDate "2019.09.30"]
[SourceQuality "1"]
[WhiteTeam "Philippines"]
[BlackTeam "Spain"]
[WhiteTeamCountry "PHI"]
[BlackTeamCountry "ESP"]

1. d4 f5 2. g4 fxg4 3. e4 d5 4. e5 Bf5 5. Ne2 e6 6. Ng3 Ne7 7. Bg5 Qd7 8. Nd2 c5 9. Nb3 c4 10. Nd2 Qa4 11. Bxe7 Bxe7 12. Nxf5 exf5 13. Bg2 Qb5 14. c3 0-0 15. h3 Bg5 16. hxg4 fxg4 17. Qc2 g6 18. Nf1 Na6 19. Ne3 Nc7 20. Nxg4 Rf4 21. f3 Raf8 22. a3 Ne6 23. 0-0 R4f5 24. Rfe1 Qe8 25. Ne3 Bxe3+ 26. Rxe3 Nf4 27. Rd1 Qe7 28. Kf1 Qh4 29. Rd2 Rg5 30. Kg1 Nh3+ 31. Kf1 Qf4 32. Bxh3 Qxe3 33. Be6+ Kg7 34. Rf2 Rxf3 35. Bxd5 Rxf2+ 36. Qxf2 Rf5 0-1

[Event "IECC Swiss-482.1"]
[Site "IECC email"]
[Date "2004.03.14"]
[Round "?"]
[White "Francisco, Vincent Paul"]
[Black "Embrechts, Wim"]
[Result "1-0"]
[WhiteElo "1874"]
[BlackElo "1449"]
[PlyCount "49"]
[EventDate "2004.??.??"]
[EventType "swiss (corr)"]
[EventRounds "1"]
[SourceTitle "Corr 2020"]
[Source "ChessBase"]
[SourceDate "2019.09.30"]
[SourceVersion "1"]
[SourceVersionDate "2019.09.30"]
[SourceQuality "1"]
[WhiteTeam "Philippines"]
[BlackTeam "Belgium"]
[WhiteTeamCountry "PHI"]
[BlackTeamCountry "BEL"]

1. e4 e5 2. d4 exd4 3. Qxd4 Nc6 4. Qe3 Nf6 5. Nc3 Bb4 6. Bd2 0-0 7. 0-0-0 Re8 8. Qg3 Nxe4 9. Nxe4 Rxe4 10. c3 Bd6 11. f4 Bc5 12. Bd3 Re7 13. Qh3 g6 14. f5 Re8 15. fxg6 hxg6 16. Qg3 Ne5 17. Be4 Qf6 18. Nf3 Nc4 19. Qxc7 Nxd2 20. Nxd2 Qe5 21. Qxe5 Rxe5 22. c4 d6 23. Rhe1 Re7 24. Bd5 Be3 25. h3 1-0

[Event "IECC Swiss-465.2"]
[Site "IECC email"]
[Date "2003.11.04"]
[Round "?"]
[White "Francisco, Vincent Paul"]
[Black "Bladyko, Pawel"]
[Result "1/2-1/2"]
[WhiteElo "1910"]
[BlackElo "1807"]
[PlyCount "61"]
[EventDate "2003.??.??"]
[EventType "swiss (corr)"]
[EventRounds "1"]
[SourceTitle "Corr 2020"]
[Source "ChessBase"]
[SourceDate "2019.09.30"]
[SourceVersion "1"]
[SourceVersionDate "2019.09.30"]
[SourceQuality "1"]
[WhiteTeam "Philippines"]
[BlackTeam "Poland"]
[WhiteTeamCountry "PHI"]
[BlackTeamCountry "POL"]

1. e4 e5 2. Nf3 Nc6 3. Bb5 a6 4. Ba4 Nf6 5. 0-0 Be7 6. Re1 b5 7. Bb3 0-0 8. c3 d6 9. h3 Bb7 10. d4 exd4 11. cxd4 d5 12. e5 Ne4 13. Nc3 Na5 14. Bc2 Bb4 15. Bxe4 dxe4 16. Ng5 c5 17. a3 Bxc3 18. bxc3 cxd4 19. cxd4 Qd5 20. Nxe4 Nb3 21. Rb1 Nxd4 22. Bb2 Rfd8 23. Bxd4 Qxd4 24. Nd6 Qd5 25. Qxd5 Bxd5 26. Red1 Be6 27. Rbc1 Rab8 28. Rc6 a5 29. Rc7 b4 30. axb4 axb4 31. Rb1 1/2-1/2

[Event "IECC Swiss-464.2"]
[Site "IECC email"]
[Date "2003.10.23"]
[Round "?"]
[White "Maroneze, Bruno"]
[Black "Francisco, Vincent Paul"]
[Result "0-1"]
[WhiteElo "1685"]
[BlackElo "1902"]
[PlyCount "38"]
[EventDate "2003.??.??"]
[EventType "swiss (corr)"]
[EventRounds "1"]
[SourceTitle "Corr 2020"]
[Source "ChessBase"]
[SourceDate "2019.09.30"]
[SourceVersion "1"]
[SourceVersionDate "2019.09.30"]
[SourceQuality "1"]
[WhiteTeam "Brazil"]
[BlackTeam "Philippines"]
[WhiteTeamCountry "BRA"]
[BlackTeamCountry "PHI"]

1. d4 Nf6 2. c4 e6 3. Nc3 Bb4 4. Qc2 c5 5. dxc5 0-0 6. a3 Bxc5 7. Nf3 Nc6 8. Bg5 Nd4 9. Nxd4 Bxd4 10. e3 Qa5 11. exd4 Qxg5 12. Qd2 Qxd2+ 13. Kxd2 b6 14. Bd3 Bb7 15. f3 d5 16. c5 bxc5 17. dxc5 Bc6 18. b4 d4 19. Ne4 Nxe4+ 0-1

[Event "IECG CP.2003.P.00076 email"]
[Site "IECG email"]
[Date "2003.10.01"]
[Round "?"]
[White "Greene, Seymour"]
[Black "Francisco, Vincent Paul"]
[Result "1-0"]
[WhiteElo "1272"]
[BlackElo "2177"]
[PlyCount "31"]
[EventDate "2003.10.01"]
[EventType "tourn (corr)"]
[EventRounds "6"]
[EventCountry "USA"]
[SourceTitle "Corr 2008"]
[Source "ChessBase"]
[SourceDate "2008.06.24"]
[SourceVersion "1"]
[SourceVersionDate "2008.06.24"]
[SourceQuality "1"]

1. c4 Nf6 2. d4 e6 3. Nf3 Bb4+ 4. Bd2 Qe7 5. g3 0-0 6. Bg2 Bxd2+ 7. Nbxd2 d6 8. 0-0 e5 9. e4 Nc6 10. d5 Nb8 11. Ne1 a5 12. Nd3 Bg4 13. f3 Bh5 14. Re1 Nfd7 15. h4 h6 16. a3 1-0

[Event "IECG CA.2003.0.00106 email"]
[Site "IECG email"]
[Date "2003.09.21"]
[Round "?"]
[White "Francisco, Vincent Paul"]
[Black "Kolar, Jachym"]
[Result "0-1"]
[WhiteElo "2177"]
[BlackElo "2002"]
[PlyCount "62"]
[EventDate "2003.09.21"]
[EventType "tourn (corr)"]
[EventRounds "6"]
[SourceTitle "Corr 2008"]
[Source "ChessBase"]
[SourceDate "2008.06.24"]
[SourceVersion "1"]
[SourceVersionDate "2008.06.24"]
[SourceQuality "1"]

1. Nf3 c5 2. c4 Nf6 3. Nc3 d5 4. cxd5 Nxd5 5. e4 Nb4 6. Bc4 Nd3+ 7. Ke2 Nf4+ 8. Kf1 Ne6 9. b4 cxb4 10. Ne2 Nc7 11. d4 e6 12. h4 Bd6 13. Bg5 Qd7 14. Rc1 Nc6 15. Qd2 h6 16. Be3 b5 17. Bb3 Bb7 18. h5 Na5 19. Qc2 Rc8 20. Qd3 Nxb3 21. axb3 a5 22. Bf4 Bxf4 23. Nxf4 a4 24. Ne5 Qd6 25. Rh3 0-0 26. Rg3 Ne8 27. Rxc8 Bxc8 28. Ne2 Nf6 29. Qf3 Kh8 30. Qf4 Qe7 31. Rh3 a3 0-1

[Event "IECC KO email"]
[Site "IECC email"]
[Date "2003.08.28"]
[Round "?"]
[White "Chadwick, Charles"]
[Black "Francisco, Vincent Paul"]
[Result "1/2-1/2"]
[WhiteElo "1861"]
[BlackElo "1827"]
[PlyCount "55"]
[EventDate "2003.??.??"]
[EventType "tourn (corr)"]
[EventRounds "6"]
[SourceTitle "Corr 2008"]
[Source "ChessBase"]
[SourceDate "2008.06.24"]
[SourceVersion "1"]
[SourceVersionDate "2008.06.24"]
[SourceQuality "1"]

1. Nf3 c5 2. g3 Nc6 3. Bg2 d5 4. 0-0 e6 5. d3 Be7 6. Nbd2 Nf6 7. e4 0-0 8. Re1 b5 9. e5 Nd7 10. Nf1 a5 11. h4 a4 12. Bf4 Ba6 13. a3 Qb6 14. N1h2 b4 15. Ng5 bxa3 16. bxa3 c4 17. Qh5 h6 18. Ng4 hxg5 19. hxg5 g6 20. Qh4 cxd3 21. Nh6+ Kg7 22. Nf5+ exf5 23. Qh6+ Kg8 24. Bxd5 Ncxe5 25. Rxe5 Bxg5 26. Qxg5 Rae8 27. Rxe8 Rxe8 28. cxd3 1/2-1/2

[Event "IECG QM.2003.0.00062 email"]
[Site "IECG email"]
[Date "2003.08.22"]
[Round "?"]
[White "Francisco, Vincent Paul"]
[Black "Dyakov, Alexander V"]
[Result "0-1"]
[WhiteElo "2339"]
[BlackElo "2239"]
[PlyCount "60"]
[EventDate "2003.08.22"]
[EventType "tourn (corr)"]
[EventRounds "6"]
[SourceTitle "Corr 2008"]
[Source "ChessBase"]
[SourceDate "2008.06.24"]
[SourceVersion "1"]
[SourceVersionDate "2008.06.24"]
[SourceQuality "1"]

1. d4 d5 2. c4 c6 3. Nc3 Nf6 4. Nf3 e6 5. Bg5 h6 6. Bh4 dxc4 7. e4 g5 8. Bg3 b5 9. Be2 Bb7 10. h4 g4 11. Ne5 h5 12. 0-0 Nbd7 13. Qc2 Nxe5 14. Bxe5 Rg8 15. a4 a6 16. g3 Nd7 17. Bf4 Qf6 18. Rfd1 Qg6 19. Bf1 Bg7 20. Bg2 e5 21. dxe5 Nxe5 22. Bxe5 Bxe5 23. Qd2 Kf8 24. axb5 cxb5 25. Nxb5 axb5 26. Qb4+ Kg7 27. Qxb5 Qf6 28. Qxb7 Rxa1 29. Rxa1 Rb8 30. Qa7 Rxb2 0-1

[Event "IECG CM.2003.0.00222 email"]
[Site "IECG email"]
[Date "2003.05.20"]
[Round "?"]
[White "Francisco, Vincent Paul"]
[Black "Borelli, Carlo"]
[Result "1/2-1/2"]
[WhiteElo "2339"]
[BlackElo "2217"]
[PlyCount "72"]
[EventDate "2003.05.20"]
[EventType "tourn (corr)"]
[EventRounds "5"]
[SourceTitle "Corr 2008"]
[Source "ChessBase"]
[SourceDate "2008.06.24"]
[SourceVersion "1"]
[SourceVersionDate "2008.06.24"]
[SourceQuality "1"]

1. d4 Nf6 2. c4 e6 3. Nc3 d5 4. Bg5 Be7 5. e3 0-0 6. Rc1 Nbd7 7. Nf3 c6 8. cxd5 exd5 9. Bd3 Re8 10. 0-0 Ne4 11. Bf4 Ndf6 12. Qc2 Bf8 13. Ng5 Bf5 14. f3 Nxg5 15. Bxf5 Nh5 16. Be5 g6 17. f4 gxf5 18. fxg5 Qxg5 19. Nd1 f6 20. Rxf5 Qg6 21. Bc7 Rac8 22. Ba5 Kf7 23. Rf2 Qxc2 24. Rcxc2 Bd6 25. g3 Ng7 26. b3 h5 27. Rf1 f5 28. Bd2 Kg6 29. Nc3 Ne6 30. Ne2 Ng5 31. Kg2 Ne4 32. Ba5 Nf6 33. Bd2 Ng4 34. Rf3 Rc7 35. h3 Nf6 36. Nf4+ Bxf4 1/2-1/2

[Event "IECC CL2-2003.16 email"]
[Site "IECC email"]
[Date "2003.05.01"]
[Round "?"]
[White "Francisco, Vincent Paul"]
[Black "MacDonald, Paul H"]
[Result "0-1"]
[WhiteElo "1931"]
[BlackElo "2027"]
[PlyCount "78"]
[EventDate "2003.??.??"]
[EventType "tourn (corr)"]
[EventRounds "4"]
[SourceTitle "Corr 2008"]
[Source "ChessBase"]
[SourceDate "2008.06.24"]
[SourceVersion "1"]
[SourceVersionDate "2008.06.24"]
[SourceQuality "1"]

1. d4 Nf6 2. c4 g6 3. Nc3 d5 4. cxd5 Nxd5 5. e4 Nxc3 6. bxc3 Bg7 7. Bc4 c5 8. Ne2 0-0 9. 0-0 Nc6 10. Be3 Bg4 11. f3 Na5 12. Bd3 Be6 13. d5 c4 14. Bc2 Bd7 15. Qe1 e5 16. Qd2 b6 17. Rad1 Nb7 18. f4 Bg4 19. f5 Nd6 20. fxg6 fxg6 21. Rxf8+ Bxf8 22. Rf1 b5 23. Ng3 Qa5 24. Bd1 Bxd1 25. Rxd1 Be7 26. Bc5 Qc7 27. Bxd6 Bxd6 28. Rf1 a5 29. Kh1 b4 30. Qe2 b3 31. Qg4 Rf8 32. Qe2 Rxf1+ 33. Nxf1 Qb6 34. Qb2 a4 35. h4 a3 36. Qe2 bxa2 37. Qxa2 Qb3 38. Qa1 a2 39. Nd2 Qc2 0-1

[Event "IECC O email"]
[Site "IECC email"]
[Date "2003.04.23"]
[Round "?"]
[White "Burlant, Richard"]
[Black "Francisco, Vincent Paul"]
[Result "1-0"]
[WhiteElo "2133"]
[BlackElo "1919"]
[PlyCount "81"]
[EventDate "2003.??.??"]
[EventType "tourn (corr)"]
[EventRounds "6"]
[SourceTitle "Corr 2008"]
[Source "ChessBase"]
[SourceDate "2008.06.24"]
[SourceVersion "1"]
[SourceVersionDate "2008.06.24"]
[SourceQuality "1"]

1. e4 e6 2. d3 d5 3. Nd2 Nf6 4. Ngf3 b6 5. e5 Nfd7 6. d4 c5 7. c3 Ba6 8. Bxa6 Nxa6 9. 0-0 Be7 10. Ne1 0-0 11. Qg4 f5 12. exf6 Rxf6 13. Ndf3 Rg6 14. Qh3 cxd4 15. cxd4 Qe8 16. Be3 Rc8 17. Nd3 Bd6 18. Rfc1 Rxc1+ 19. Rxc1 Rf6 20. Bd2 Nf8 21. Nde5 Qa4 22. Bg5 Rf5 23. g4 Rxg5 24. Nxg5 Bxe5 25. Rc8 Qd1+ 26. Kg2 h6 27. Nxe6 Bd6 28. g5 Qe2 29. Qf5 Qe4+ 30. Qxe4 dxe4 31. a3 hxg5 32. b4 b5 33. d5 Kf7 34. Nxg5+ Ke7 35. Nxe4 Bf4 36. d6+ Kf7 37. Rd8 g6 38. h4 Be5 39. Kf3 Nd7 40. Ng5+ Kf6 41. Rxd7 1-0

[Event "IECG CA.2003.0.00088 email"]
[Site "IECG email"]
[Date "2003.03.30"]
[Round "?"]
[White "Francisco, Vincent Paul"]
[Black "Espirito Santo, Rubens Cardoso Do"]
[Result "0-1"]
[WhiteElo "2033"]
[BlackElo "2163"]
[PlyCount "60"]
[EventDate "2003.03.30"]
[EventType "tourn (corr)"]
[EventRounds "6"]
[SourceTitle "Corr 2008"]
[Source "ChessBase"]
[SourceDate "2008.06.24"]
[SourceVersion "1"]
[SourceVersionDate "2008.06.24"]
[SourceQuality "1"]

1. e4 e5 2. Nf3 Nc6 3. Bb5 a6 4. Ba4 Nf6 5. 0-0 Be7 6. Re1 b5 7. Bb3 0-0 8. c3 d6 9. h3 Na5 10. Bc2 c5 11. d4 Qc7 12. Nbd2 cxd4 13. cxd4 Nc6 14. d5 Nb4 15. Bb1 a5 16. Nf1 Bd7 17. a3 Na6 18. Be3 Nc5 19. Ng3 Rfc8 20. Bc2 Qb7 21. Qd2 a4 22. Rac1 Bd8 23. Red1 Ne8 24. Qe2 b4 25. Bd3 Nxd3 26. Qxd3 bxa3 27. bxa3 Qb3 28. Rb1 Qxd3 29. Rxd3 Rab8 30. Rdd1 Rxb1 0-1

[Event "IECG CA.2003.0.00088 email"]
[Site "IECG email"]
[Date "2003.03.30"]
[Round "1"]
[White "Jimenez, Joaquin Rodrigo"]
[Black "Francisco, Vincent Paul"]
[Result "1-0"]
[WhiteElo "2044"]
[BlackElo "2033"]
[PlyCount "57"]
[EventDate "2003.03.30"]
[EventType "tourn (corr)"]
[EventRounds "6"]
[SourceTitle "Corr 2008"]
[Source "ChessBase"]
[SourceDate "2008.06.24"]
[SourceVersion "1"]
[SourceVersionDate "2008.06.24"]
[SourceQuality "1"]

1. e4 c5 2. Nf3 d6 3. d4 cxd4 4. Nxd4 Nf6 5. Nc3 a6 6. f3 e6 7. Be3 b5 8. g4 h6 9. Qd2 Nbd7 10. 0-0-0 Bb7 11. h4 b4 12. Na4 Qa5 13. b3 e5 14. Nf5 d5 15. exd5 Qxd5 16. Qe1 Qxf3 17. Rg1 Qc6 18. Bg2 e4 19. g5 hxg5 20. hxg5 Ng4 21. Rd4 Qe6 22. Bd2 Qxf5 23. Bxe4 Bxe4 24. Rxg4 0-0-0 25. Rgxe4 a5 26. Bf4 Kb7 27. Qe3 Qb5 28. Re8 Bd6 29. Rxd8 1-0

[Event "IECG CA.2003.0.00088 email"]
[Site "IECG email"]
[Date "2003.03.30"]
[Round "1"]
[White "Kulczycki, Michael"]
[Black "Francisco, Vincent Paul"]
[Result "1-0"]
[WhiteElo "2083"]
[BlackElo "2033"]
[PlyCount "63"]
[EventDate "2003.03.30"]
[EventType "tourn (corr)"]
[EventRounds "6"]
[SourceTitle "Corr 2008"]
[Source "ChessBase"]
[SourceDate "2008.06.24"]
[SourceVersion "1"]
[SourceVersionDate "2008.06.24"]
[SourceQuality "1"]

1. d4 Nf6 2. Nf3 g6 3. c4 Bg7 4. g3 0-0 5. Bg2 c5 6. d5 e6 7. Nc3 exd5 8. cxd5 d6 9. 0-0 Re8 10. Bf4 a6 11. a4 Ne4 12. Nxe4 Rxe4 13. Nd2 Rb4 14. Ra2 g5 15. Be3 f5 16. Nb3 Bd7 17. Nc1 c4 18. Bd2 Rxb2 19. Rxb2 Bxb2 20. Qc2 c3 21. Nd3 cxd2 22. Nxb2 Qa5 23. e4 fxe4 24. Bxe4 h6 25. Nc4 Qc5 26. Bh7+ Kf8 27. Qxd2 Qxc4 28. Re1 Kf7 29. Qd1 Qg4 30. Qc2 Qh5 31. Qc7 Kg7 32. Re7+ 1-0